Statistics for Simpson's Facts You Should Know

Click here to take the quiz!

General Stats

  • This quiz has been taken 44 times
  • The average score is 3 of 9

Answer Stats

QuestionAnswer% Correct
Who shot Mr Burns?Maggie
100%
Which former president who moved into the neighbourhood hates Bart?George W. Bush
56%
Who, alongside Homer, was nominated to go to space?Barney
47%
What is Principal Skinner's real name?Armin Tamzarian
24%
What was the name of the superhero created by Comic Book Guy?Everyman
15%
Which song was sung once in a couch gag?Tik Tok
12%
What was the name of a cliff rock that crushed Mr Burns?Geezer Rock
9%
Which Simpson ancestor was on the Underground Railroad?Eliza Simpson
6%
Why is Ralph Wiggum so dumb?Dropped on his head
3%

Score Distribution

Percentile by Number Answered

Percent of People with Each Score

Your Score History

You have not taken this quiz